000
00204nam a22000857a 4500
008
141021t xxu||||| |||| 00| 0 eng d
245
_a
introduction to biochemical engineering
300
_a
000
942
_2
ddc
_c
BK
999
_c
17186
_d
17186